Accesibilidad al derecho a la salud y al derecho a la alimentación en la niñez en casos con diagnóstico de desnutrición (Registro nro. 31740)

Detalles MARC
000 -LEADER
fixed length control field 00407 a2200109 4500
001 - CONTROL NUMBER
control field ART_46444
005 - DATE AND TIME OF LATEST TRANSACTION
control field 20260410162006.0
008 - FIXED-LENGTH DATA ELEMENTS--GENERAL INFORMATION
fixed length control field 260409a
100 1# - MAIN ENTRY--PERSONAL NAME
Personal name Díaz, Ana I.
245 10 - TITLE STATEMENT
Title Accesibilidad al derecho a la salud y al derecho a la alimentación en la niñez en casos con diagnóstico de desnutrición
773 0# - HOST ITEM ENTRY
Title Temas de derecho civil
Related parts - Año 4, N° 3 (mar. 2018)
Record control number REV34778

No hay ítems disponibles.